| 000 | 01033cam a2200337 i 4500 | ||
|---|---|---|---|
| 650 | 0 |
_aTürk şiiri _xTarih ve eleştiri _eetuturkob _975586 |
|
| 999 |
_c200042004 _d35732 |
||
| 001 | 200042004 | ||
| 003 | TR-AnTOB | ||
| 005 | 20230622001152.0 | ||
| 007 | ta | ||
| 008 | 110714m20102002tu e0100 t tu tur d | ||
| 020 | _a9758950398 | ||
| 040 |
_aTR-AnTOB _beng _cTR-AnTOB _dTR-AnTOB _erda |
||
| 041 | 0 | _atur | |
| 050 | 0 | _aPL217.P33 | |
| 090 |
_aPL217 _b.P33 2010p |
||
| 100 | 1 |
_aPala, İskender, _d1958- _eauthor _9117133 |
|
| 245 | 1 | 0 |
_aPerişan gazeller / _cİskender Pala. |
| 250 | _a4. basım | ||
| 264 | 1 |
_aİstanbul : _bKapı, _c2010. |
|
| 264 | 4 |
_c©2002 _c©2005 |
|
| 300 |
_a153 pages ; _c21 cm |
||
| 336 |
_atext _2rdacontent |
||
| 337 |
_aunmediated _2rdamedia |
||
| 338 |
_avolume _2rdacarrier |
||
| 490 | 0 |
_aKapı Yayınları ; _v34 _aİskender Pala Bütün Eserleri ; _v 25 |
|
| 500 | _aIncludes index(149-154 pages). | ||
| 650 | 0 |
_aTurkish poetry _xHistory and criticism _916952 |
|
| 942 |
_cBK _2lcc |
||